LEADER 01278nam a2200241 i 4500 001 000000230229 003 CaOOAMICUS 005 20251027144241.0 008 140530s1859 xx u000 u fre u 013 $a209131 040 $aSeMil$bita 100 1 $aCalmet, Augustin,$c.$0(OLS)http://semarc/name/89253 245 10$aDictionnaire historique, archéologique, philologique, chronologique, géographique et littéral de la Bible, 1. R-Z /$cpar le révérend père dom Augustin Calmet. 250 $a4. éd. revue, corrigée, complétée et actualisée / par M. l'abbé A. F. James. 300 $a1328 p. 700 1 $aJames, Aime François.$0(OLS)http://semarc/name/79382 773 0 $aMigne, Jacques-Paul <1800-1875>$tEncyclopédie théologique, ou Série de dictionnaires sur toutes les parties de la science religieuse ..$dPetit-Montrouge : S'imprime et se vende chez J.-P. Migne, 1851.$g4$w()11876 850 $aSeMil 852 $aSeMil$W1$xVenegono$y1$m2S V 7 FA$j180575$B180575$CSeMilBibl$Z2$F191553 $8I 941 1 $a10 961 $aRecupero: Mantegazza 996 $6245$aDictionnaire historique, archéologique, philologique, chronologique, géographique et littéral de la Bible, 1. R-Z$9(OLS)http://semarc/title/328991 LEADER 01086nam a2200253 i 4500 001 000000202858 003 CaOOAMICUS 005 20211223112152.0 008 110607s1916 it u000 u ita u 013 $a181569 040 $aSeMil$bita 100 1 $aSillani, Tomaso,$d<1888-1961>.$0(OLS)http://semarc/name/37054 245 10$aMare Nostrum /$cTomaso Sillani ; Copertina e Testate di Guido Marussig. 260 $aMilano :$bAlfieri e Lacroix,$c[1916] 300 $a270 p., [69] p. di tav. :$bill. ;$c19 cm. 500 $aIn mezzo al front : Con 69 tavole fuori testo. 650 4$aPaesi adriatici - Storia.$0(OLS)http://semarc/subject/38164 650 4$aNazionalismo - Italia.$0(OLS)http://semarc/subject/51410 700 1 $aMarussig, Guido,$d<1885-1972>.$0(OLS)http://semarc/name/73272 850 $aSeMil 852 $aSeMil$W1$xVenegono$y1$m3U I 17$j153357$B153357$CSeMilBibl$Z2$F164333 $81 996 $6245$aMare Nostrum$9(OLS)http://semarc/title/293621 996 $6260$aMilano :$bAlfieri e Lacroix$9(OLS)http://semarc/publisher/30860